Women of the Third Reich /

Bibliographic Details
Main Author: Sigmund, Anna Maria
Format: Book
Language:English
Published: Richmond Hill, Ont. : NDE Pub., 2000.
Subjects:

MARC

Tag First Indicator Second Indicator Subfields
LEADER 00000cam a2200000 a 4500
001 in00001572425
005 20151022101545.0
008 000516s2000 oncac b 000 0ceng d
010 |a cn 00900708  
015 |a C00-900708-3 
020 |a 1553211057 (bound) :  |c $25.95 
035 |a (OCoLC)ocm44112674 
040 |a NLC  |b eng  |c NLC  |d UV$  |d TXA  |d UtOrBLW 
041 1 |a eng  |h ger 
043 |a e-gx--- 
049 |a TXAM 
055 3 |a DD245  |b S5413 2000 
055 0 1 |a DD245 
055 0 0 |a DD245  |b S5413 2000 
082 0 |a 943.086/092/2  |2 21 
090 |a DD245  |b .S5413 2000 
100 1 |a Sigmund, Anna Maria. 
245 1 0 |a Women of the Third Reich /  |c Anna Maria Sigmund. 
264 1 |a Richmond Hill, Ont. :  |b NDE Pub.,  |c 2000. 
300 |a 236 pages :  |b illustrations, portraits ;  |c 24 cm. 
336 |a text  |b txt  |2 rdacontent 
337 |a unmediated  |b n  |2 rdamedia 
338 |a volume  |b nc  |2 rdacarrier 
500 |a Translation of: Die Frauen der Nazis. 
504 |a Includes bibliographical references. 
650 0 |a National socialism and women  |z Germany. 
650 0 |a Women  |z Germany  |x History  |y 20th century. 
650 0 |a Women  |z Germany  |v Biography. 
650 0 |a Fascism and women  |z Germany. 
650 6 |a Nazisme et femmes  |z Allemagne. 
650 6 |a Femmes  |z Allemagne  |x Histoire  |y 20e siècle. 
650 6 |a Femmes  |z Allemagne  |v Biographies. 
650 6 |a Fascisme et femmes  |z Allemagne. 
994 |a E0  |b TXA 
948 |a cataloged  |b h  |c 2000/12/15  |d c  |e lmiller  |f 3:09:34 pm 
999 |a MARS 
999 f f |s a3d7d670-3c05-326d-a551-f4a857dde447  |i 6b7886aa-5536-3570-9c63-35e0de55d25f  |t 0 
952 f f |p ric  |a Texas A&M University  |b Rellis Campus  |c Joint Library Facility  |d Remote Storage  |t 0  |e DD245 .S5413 2000  |h Library of Congress classification  |i unmediated -- volume  |m A14826996462 
998 f f |a DD245 .S5413 2000  |t 0  |l Remote Storage